000 00339 a2200157 4500
001 61131
020 _a0582337933
040 _cAnchieta - Pituba
100 _aHall, Diane
240 1 0 _aDistinction, book 2
_lIng
245 1 0 _aDistinction, book 2
300 _a96
362 0 _a1993
650 4 _aInglês e inglês antigo
942 _cBK
999 _c61131
_d61131